ARRUPE JESUIT UNIVERSITY

CORONAVIRUS -STOP THE SPREAD - CLEAN,DISINFECT,COVER

A mind so rare : (Record no. 121864)

MARC details
000 -LEADER
fixed length control field 01767fam a2200325 a 4500
001 - CONTROL NUMBER
control field 3167640
003 - CONTROL NUMBER IDENTIFIER
control field ARRUPE
005 - DATE AND TIME OF LATEST TRANSACTION
control field 20150428020008.0
008 - FIXED-LENGTH DATA ELEMENTS--GENERAL INFORMATION
fixed length control field 001103s2001 nyua b 001 0 eng
010 ## - LIBRARY OF CONGRESS CONTROL NUMBER
LC control number 00053721
020 ## - INTERNATIONAL STANDARD BOOK NUMBER
International Standard Book Number 0393049507
035 ## - SYSTEM CONTROL NUMBER
System control number (OCoLC)45376311
035 ## - SYSTEM CONTROL NUMBER
System control number (OCoLC)ocm45376311
035 ## - SYSTEM CONTROL NUMBER
System control number (NNC)3167640
040 ## - CATALOGING SOURCE
Original cataloging agency DLC
Transcribing agency DLC
Modifying agency DLC
-- NNC
-- OrLoB-B
050 00 - LIBRARY OF CONGRESS CALL NUMBER
Classification number BF311
Item number .D57 2001
082 00 - DEWEY DECIMAL CLASSIFICATION NUMBER
Classification number 153
Edition number 21
300 ## - PHYSICAL DESCRIPTION
Other physical details ill. ;
Dimensions 24 cm.
100 1# - MAIN ENTRY--PERSONAL NAME
Personal name Donald, Merlin,
Dates associated with a name 1939-
9 (RLIN) 14520
245 12 - TITLE STATEMENT
Title A mind so rare :
Remainder of title the evolution of human consciousness /
Statement of responsibility, etc Merlin Donald.
250 ## - EDITION STATEMENT
Edition statement 1st ed.
260 ## - PUBLICATION, DISTRIBUTION, ETC. (IMPRINT)
Place of publication, distribution, etc New York :
Name of publisher, distributor, etc Norton,
Date of publication, distribution, etc c2001.
300 ## - PHYSICAL DESCRIPTION
Extent xiv, 371 p. :
504 ## - BIBLIOGRAPHY, ETC. NOTE
Bibliography, etc Includes bibliographical references (p. [345]-362) and index.
505 00 - FORMATTED CONTENTS NOTE
Miscellaneous information 1.
Title Consciousness in Evolution --
Miscellaneous information 2.
Title The Paradox of Consciousness --
Miscellaneous information 3.
Title The Governor of Mental Life --
Miscellaneous information 4.
Title The Consciousness Club --
Miscellaneous information 5.
Title Three Levels of Basic Awareness --
Miscellaneous information 6.
Title Condillac's Statue --
Miscellaneous information 7.
Title The First Hybrid Minds on Earth --
Miscellaneous information 8.
Title The Triumph of Consciousness.
520 1# - SUMMARY, ETC.
Summary, etc "For centuries philosophers, scientists, and lay people alike have assumed consciousness to be the most distinctive feature of human nature. Despite the power of that assumption the workings of consciousness continue to elude our understanding. In recent years a number of influential scientists and philosophers have challenged the primacy of consciousness, dismissing it as a superficial by-product of evolution, or even an entirely irrelevant factor in human cognition.
520 8# - SUMMARY, ETC.
Summary, etc A Mind So Rare is a critique of this prevailing view that seeks to explain away consciousness."--BOOK JACKET.
650 #0 - SUBJECT ADDED ENTRY--TOPICAL TERM
Topical term or geographic name as entry element Consciousness.
9 (RLIN) 14521
900 ## - EQUIVALENCE OR CROSS-REFERENCE-PERSONAL NAME [LOCAL, CANADA]
Numeration TOC
942 ## - ADDED ENTRY ELEMENTS (KOHA)
Source of classification or shelving scheme Library of Congress Classification
Koha item type Monograph ( Printed materials)
Koha issues (borrowed), all copies 1
Holdings
Withdrawn status Lost status Source of classification or shelving scheme Damaged status Not for loan Collection code Home library Current library Shelving location Date acquired Total Checkouts Full call number Barcode Date last seen Date checked out Price effective from Koha item type
    Library of Congress Classification     Main Collection ARRUPE LIBRARY ARRUPE LIBRARY Main Collection 21/01/2015 1 BF311 .D57 2001 46500003047 13/09/2016 27/04/2015 21/01/2015 Monograph ( Printed materials)

 

Arrupe Library. PO Box MP320 Mt Pleasant, Harare, Zimbabwe
263 242 745411|librarian@aju.ac.zw